000 00728nam a2200217Ia 4500
001 11436
003 GE_BSU
008 181216s||||||||xx |||||||||||||| ||und||
040 _cGE_BSU
080 _a371.378(479.223)
100 _aჯაბნიძე,რეზო.
245 _aგანათლების ახალი სავანე.
245 _cრედ:ჯემალ ხოფერია;მხატვ:გურამ გუჯაბიძე.
260 _aბათუმი.
260 _bგამ-ბა აჭარა.
260 _c2000.
300 _a351გვ;20სმ.
300 _eილ.
653 _aგანათლების ახალი სავანე.
942 _cBK
999 _c44633
_d44633